Calendarios mayas : uso e interpretación /

Conjunto de estudios de los calendarios mayas y de otras civilizaciones prehispánicas influidas por esta cultura que alcanzó un gran desarrollo en el cómputo del tiempo. El grupo de documentos examinados comprende el calendario de Chichén Itzá, extraido del Cenote Sagrado; los calendarios de 47.5 cí...

Descripción completa

Guardado en:
Detalles Bibliográficos
Autor principal: Lorenzo, Antonio (autor)
Formato: Libro
Idioma:Español
Publicado: México : Miguel Angel Porrúa, 1980, c1980
Temas:
Etiquetas: Agrega una etiqueta
Sin etiquetas, Sé el primero en etiquetar este registro!

MARC

LEADER 00000nam^a2200000^a^4500
001 000139660
005 20250521000000.0
009 20260310095511.873
037 |a Acervo ITESO - Biblioteca 
041 |a ESP 
082 |a 972. 01  |b LOR 
100 |a Lorenzo, Antonio  |e (autor) 
245 1 0 |a Calendarios mayas :  |b uso e interpretación /  |c A. Lorenzo. 
264 4 |a México :  |b Miguel Angel Porrúa,  |c 1980, c1980 
300 |a 231 p. 
336 |a texto  |b txt  |2 rdacontenido 
337 |a sin mediación  |b n  |2 rdamedio 
338 |a volumen  |b nc  |2 rdasoporte 
520 |a Conjunto de estudios de los calendarios mayas y de otras civilizaciones prehispánicas influidas por esta cultura que alcanzó un gran desarrollo en el cómputo del tiempo. El grupo de documentos examinados comprende el calendario de Chichén Itzá, extraido del Cenote Sagrado; los calendarios de 47.5 círculos, conocido como de Humboldt y procedente de la zona del Golfo de México; el Disco de Oaxaca, de origen mixteco-zapoteco y dos calendarios que aparecen el manuscrito pictórico llamado Códice Porrúa. 
649 |a XX 
650 |a Mayas -  |x Historia 
650 |a Mixtecas -  |x Historia 
650 |a Zapotecas -  |x Historia 
650 |a Indígenas de México -  |x Historia 
650 |a Calendarios -  |z México -  |x Historia -  |y Epoca Prehispánica 
650 |a Cronología -  |z México -  |x Historia -  |y Epoca Prehispánica 
650 |a Astronomía -  |z México -  |x Historia -  |y Epoca Prehispánica 
650 |a México -  |x Historia -  |y Epoca Prehispánica 
650 |a Arqueología 
910 |a Fondo General 
920 |a Impresos - Libros 
930 |a Colección General 
905 |a 101 
901 |a 0500068114  |b IT1  |c ACC  |u 20250521 
902 |a https://opac.biblio.iteso.mx/vufind/Record/000139660